The dynamics of competition : (Record no. 37425)

MARC details
000 -LEADER
fixed length control field 00901nam a22002297a 4500
005 - DATE AND TIME OF LATEST TRANSACTION
control field 20100723150652.0
010 ## - LCCN (DPL NO)
LC control number ENG-96659
020 ## - INTERNATIONAL STANDARD BOOK NUMBER
International Standard Book Number 9780198060796
Terms of availability 550.00
020 ## - INTERNATIONAL STANDARD BOOK NUMBER
International Standard Book Number 0198060793
Terms of availability 550.00
035 ## - SYSTEM CONTROL NUMBER
System control number EN-80192
037 ## - SOURCE OF ACQUISITION
Source of stock number/acquisition DBAD/PUB
082 ## - DEWEY DECIMAL CLASSIFICATION NUMBER
Classification number 338.60480954
100 ## - MAIN ENTRY--PERSONAL NAME
Personal name Pushpangadan, K
245 ## - TITLE STATEMENT
Title The dynamics of competition :
Remainder of title uniderstanding India's manufacturing sector /
Statement of responsibility, etc K. Pushpangadan [and] N. Shanta
260 ## - PUBLICATION, DISTRIBUTION, ETC. (IMPRINT)
Place of publication, distribution, etc New Delhi
Name of publisher, distributor, etc Oxford, University Press
Date of publication, distribution, etc 2009
270 ## - ADDRESS
Address YMCA Library Building, Jai Singh Road
City New Delhi
Postal code 110001
300 ## - PHYSICAL DESCRIPTION
Extent xvii, 151 p.
Dimensions 23cm (Pbk)
500 ## - GENERAL NOTE
General note Includes bibliographical references and index
700 ## - ADDED ENTRY--PERSONAL NAME
Personal name Shanta N.
9 (RLIN) 1045
942 ## - ADDED ENTRY ELEMENTS (KOHA)
Source of classification or shelving scheme Dewey Decimal Classification
Item type English Books
Classification part 338.60480954
Call number suffix PUS
Holdings
Withdrawn status Lost status Not for loan Collection code Home library Current library Date acquired Cost, normal purchase price Full call number Barcode Copy number Cost, replacement price Koha item type
    Not For Loan Non-fiction D.B.Act.Division D.B.Act.Division 23/07/2010 550.00 338.60480954 PUS EN-80192 1 550.00 English Books

© Delhi Public Library
Hit Counter
free hit counter